书目信息 |
| 题名: |
MCS-51单片机原理及系统设计
|
|
| 作者: | 申忠如 , 申淼 , 谭亚丽 编著 | |
| 分册: | ||
| 出版信息: | 西安 西安交通大学出版社 2008.03 |
|
| 页数: | 257页 | |
| 开本: | 26cm | |
| 丛书名: | 21世纪应用型本科系列教材 | |
| 单 册: | ||
| 中图分类: | TP368.1 | |
| 科图分类: | ||
| 主题词: | 单片微型计算机--dan pian wei xing ji suan ji--高等学校--教材 | |
| 电子资源: | ||
| ISBN: | 978-7-5605-2699-7 | |
| 000 | 01091nam 2200277 450 | |
| 001 | 012008084390 | |
| 005 | 20080423134142.01 | |
| 010 | @a978-7-5605-2699-7@dCNY27.00 | |
| 100 | @a20080423d2008 em y0chiy0120 ea | |
| 101 | 0 | @achi |
| 102 | @aCN@b610000 | |
| 105 | @ak a 000yy | |
| 106 | @ar | |
| 200 | 1 | @aMCS-51单片机原理及系统设计@AMCS-51 dan pian ji yuan li ji xi tong she ji@f申忠如, 申淼, 谭亚丽编著@Fshen zhong ru,shen miao,tan ya li bian zhu |
| 210 | @a西安@c西安交通大学出版社@d2008.03 | |
| 215 | @a257页@d26cm | |
| 225 | 2 | @a21世纪应用型本科系列教材@A21 shi ji ying yong xing ben ke xi lie jiao cai |
| 330 | @a本书首先介绍了MCS-51系列单片机的基础内容及内部资源,在指令系统介绍中采用汇编语言编写程序,在第四章中专门讲述C51程序设计。 | |
| 410 | 0 | @12001 @a21世纪应用型本科系列教材 |
| 606 | 0 | @a单片微型计算机@Adan pian wei xing ji suan ji@x高等学校@j教材 |
| 690 | @aTP368.1@v4 | |
| 701 | 0 | @a申忠如@Ashen zhong ru@4编著 |
| 701 | 0 | @a申淼@Ashen miao@4编著 |
| 701 | 0 | @a谭亚丽@Atan ya li@4编著 |
| 801 | 0 | @aCN@bQSSK@c20080423 |
| 905 | @b296697-99@dTP368.1@eS371@f3 | |
| MCS-51单片机原理及系统设计/申忠如, 申淼, 谭亚丽编著.-西安:西安交通大学出版社,2008.03 |
| 257页;26cm.-(21世纪应用型本科系列教材) |
| ISBN 978-7-5605-2699-7:CNY27.00 |
| 本书首先介绍了MCS-51系列单片机的基础内容及内部资源,在指令系统介绍中采用汇编语言编写程序,在第四章中专门讲述C51程序设计。 |
| ● |
| 相关链接 |
|
|
|
正题名:MCS-51单片机原理及系统设计
索取号:TP368.1/S371
 
预约/预借
| 序号 | 登录号 | 条形码 | 馆藏地/架位号 | 状态 | 备注 |
| 1 | 296697 | 202966978 | 自科库301/301自科库 63排2列1层/ [索取号:TP368.1/S371] | 在馆 | |
| 2 | 296698 | 202966987 | 自科库301/301自科库 58排1列5层/ [索取号:TP368.1/S371] | 在馆 | |
| 3 | 296699 | 202966996 | 自科库301/301自科库 63排2列1层/ [索取号:TP368.1/S371] | 在馆 |